Intercommunalité des Alpes-de-Haute-Provence - Statistiques

Statistiques générales
  • Ce quiz a été pris 35 fois
  • Le résultat moyen est 4 sur 8
Statistiques - réponses
Nombres de communes Intercommunalité % Correct
60 (dont 21 dans les Hautes-Alpes et 3 dans la Drôme) Communauté de Communes du Sisteronais-Buëch
93%
25 (dont 1 dans les Hautes-Alpes) Communauté d'Agglomération Durance-Lubéron-Verdon Agglomération
89%
46 Communauté d'Agglomération Provence-Alpes-Agglomération
67%
13 Communauté de Communes Vallée de l'Ubaye-Serre-Ponçon
63%
13 Communauté de Communes du pays de Forcalquier et montagne de Lure
59%
14 (dont 1 dans la Drôme) Communauté de Communes Jabron-Lure-Vançon-Durance
30%
21 Communauté de Communes Hautes-Provence-Pays de Banon
26%
41 Communauté de Communes Alpes Provence Verdon-Sources de Lumière
4%
Aucun quiz correspondant
Distribution des résultats
% des personnes avec chaque résultat
Percentile par nombre de réponses
Votre historique - résultats
Vous n’avez pas pris ce quiz